000 007820000a22002530004500
090 _aAR
_b01540
245 1 0 _aLista de las mariposas del estado de Jalisco, México
650 1 4 _aInsectos
_992622
650 1 4 _aMariposas
_993025
650 1 4 _aInventarios de fauna
_993976
650 1 4 _aRiqueza de especies
_93326
651 4 _dJalisco
_pMéxico
_992749
653 _fPapilionidae
653 _fHesperioidea
653 _fNymphalidae
653 _fPieridae
041 0 _aEspañol
700 1 _aLuis Martínez, Armando
_912044
700 1 _aVargas Fernández, Isabel
_912043
700 1 _aWarren, Andrew D.
_994888
100 1 _aLlorente Bousquets, Jorge E.
_912040
942 _cARTICULO
773 1 _tRevista de la Sociedad Mexicana de Historia Natural
_3546
_h46
_q35-48
_d1995
999 _c10623
_d10623